03036nam a22003014a 4500003000900000005001700009008004100026040001300067041000800080044000700088082002200095100003400117245013800151260010800289300001100397502007900408520195500487650003302442650002202475650002802497650002202525650002102547651001302568651001102581942001702592999001502609952011002624BOLpUSFA20260416153455.0 t bo grm 001 | spa|| aBOLpUSFA aspa aBO aADM0021bR621e PG aRivera Pérez, Rasshiel Iran aEstudio de factibilidad para la creación de una Microempresa de Bisutería Artesanal en porcelana fría en el Municipio de Tupiza aTupiza: bUniversidad Privada San Francisco de Asís. Carrera de Administración de Empresas, c2025  a290 p. aModalidad: Proyecto de Grado - Tutora: Lic. Carmen Julia Arizaga Surriable aEl presente proyecto de estudio de factibilidad para la creación de una microempresa de bisutería artesanal en porcelana fría tiene como objetivo desarrollar un negocio que ofrezca productos únicos y personalizados para el Municipio de Tupiza. Este proyecto surge debido a la insatisfacción del mercado local con la oferta de bisutería artesanal. La mayoría de los consumidores busca productos que reflejen sus gustos y preferencias, pero no encuentran variedad ni diseño en el mercado actual. El método utilizado para desarrollar el proyecto incluyó un análisis de mercado a través de encuestas con el fin de identificar las preferencias del consumidor y los puntos de venta más relevantes. Además, se estudió la competencia local y las oportunidades de ventas en línea y en ferias artesanales también involucró la definición de costos, precios y toda la estructura de la microempresa. Entre los principales resultados obtenidos, se destaca que los encuestados tienen dificultades para encontrar productos adecuados y estarían dispuestos a comprar bisutería artesanal en porcelana fría. Los productos más demandados fueron aretes, collar y pulsera. Este proyecto concluye que la creación de esta microempresa tiene un alto potencial de éxito, con una demanda insatisfecha y un mercado dispuesto a apoyar la iniciativa. En conclusión, el estudio determina que la creación de la microempresa es técnica, económica y comercialmente viable, debido a la existencia de una demanda potencial no satisfecha, la aceptación del producto y las oportunidades de crecimiento en el mercado local; el proyecto representa una alternativa de autoempleo, desarrollo artesanal y promoción de bisutería artesanal en el Municipio de Tupiza.  aAdministración de Empresas aProyecto de Grado aEstudio de factibilidad aJoyas artesanales aPorcelana fría aPotosí aTupiza 2ddccTEzLLO c9708d9708 00102ddc407082aBTZbBTZc3d2026-04-16e4l0oADM0021 R621e PGpBTZ00915r2026-04-16w2026-04-16yTE